Kpop groups under the big 4 - Statistics

General Stats
  • This quiz has been taken 703 times
  • The average score is 7 of 14
Answers on the Grid
Answers color-coded by a green-red scale on the quiz's grid according to % correct below.
ATEEZ
IVE
TVXQ!
LOONA
Hearts2Hearts
ILLIT
Xdinary Heroes
izna
NEXZ
KiiiKiii
KISS OF LIFE
EXO
LNGSHOT
ARTMS
DAY6
MAMAMOO
i-dle
ITZY
BIGBANG
GOT7
NCT 127
XLOV
NMIXX
P1Harmony
tripleS
FIFTY FIFTY
YOUNG POSSE
aespa
TWICE
Dreamcatcher
 
Answer Stats
Answer % Correct
ILLIT
75%
TWICE
67%
aespa
62%
ITZY
62%
EXO
61%
Hearts2Hearts
55%
NMIXX
55%
BIGBANG
54%
NCT 127
51%
GOT7
50%
Xdinary Heroes
50%
DAY6
43%
TVXQ!
37%
NEXZ
28%
No matching quizzes found
Score Distribution
Percent of People with Each Score
Percentile by Number Answered
Your Score History
You have not taken this quiz